000 01770nam a2200505 i 4500
001 16824
003 KOSZ 005
005 20200302134341.0
008 200302s1976 pl f 000 0 pol
015 _aPB 1976/4738
035 _a991023501489705066
035 _a(PL-WaBN)b16439703-48omnis_nlop
035 _ab16439703
035 _a(OCoLC)830585262
035 _a(PL)b0000001643970
035 _a(EXLNZ-48OMNIS_NETWORK)9910276708305606
040 _aWA N
_cWA N
_dKOSZ 005/RW
046 _k1976
080 _a69
080 _a351.82(438)
100 1 _aBuczkowski, Stefan
_d(1903-1974)
_eAutor
245 1 0 _aUmowy budowlane :
_bstan prawny na dzień 1 sierpnia 1975 r. /
_cStefan Buczkowski, Stefan Mizera.
250 _aWydanie 3 zmienione i uzupełnione.
260 _aWarszawa :
_b"Arkady",
_c1976.
300 _a219, [1] stron ;
_c21 cm.
336 _aTekst
_btxt
_2rdacontent
337 _aBez urządzenia pośredniczącego
_bn
_2rdamedia
338 _aWolumin
_bnc
_2rdacarrier
380 _aKsiążki
380 _aPublikacje fachowe
388 _a1901-2000
504 _aBibliografia na stronach 210-[220].
521 8 _aKsiążka przeznaczona jest dla pracowników służb inwestycyjnych, przedsiębiorstw budowlanych, planistów i aparatu bankowego.
650 7 _aBudownictwo
_2DBN
650 7 _aPrawo
650 7 _aUmowa
_2DBN
651 7 _aPolska
658 _aPrawo i wymiar sprawiedliwości
658 _aArchitektura i budownictwo
700 1 _aMizera, Stefan
_eAutor
710 2 _aWydawnictwo Arkady
_4pbl
856 _uhttp://koha.tu.koszalin.pl/cgi-bin/koha/opac-detail.pl?biblionumber=16824
_yKatalog online BPK
942 _2UKD
_cKS
999 _c16824
_d16824